| 000 | 00367nam a2200133Ia 4500 | ||
|---|---|---|---|
| 008 | 211118s9999||||xx |||||||||||||| ||und|| | ||
| 082 |
_a523.01 _bPAD-N |
||
| 100 | _aPadmanabhan, T | ||
| 245 | 0 | _aNew Challenges in Astrophysics | |
| 260 |
_bAcademic Press _aNew York _c1997 |
||
| 630 | _xGeneral Stack | ||
| 650 |
_aNatural Sciences _vAstronomyPhysics |
||
| 942 | _cBOOK | ||
| 999 |
_c100773 _d100773 |
||